000 00292nam a22001337a 4500
003 SGT
082 _a546,MAL
100 _aMALIK
245 _aSelected Topics in Inorganic Chemistry
260 _aNEW DELHI
_bS. CHAND
_c2016
300 _a1142
650 _aChemistry
942 _2ddc
_cFPS
_011
999 _c10063
_d10063